[Event "Sparkassen-Open A"]
[Site "Heusenstamm, Martinsee"]
[Date "2018.11.25"]
[Round "7.75"]
[White "Englert, Jon"]
[Black "Eg, Karlheinz"]
[Result "1-0"]
[WhiteElo "2022"]
[BlackElo "1872"]
[PlyCount "95"]
[EventDate "2018.??.??"]
[WhiteTeam "TV-GroÃŸostheim"]
[BlackTeam "SV RÃ¼sselsheim"]

1. d4 Nf6 2. c4 g6 3. f3 c5 4. d5 d6 5. e4 Bg7 6. Ne2 Bd7 7. Nec3 Na6 8. Be3
Rb8 9. Qd2 Nc7 10. a4 O-O 11. Na3 a6 12. Be2 Qe8 13. O-O Kh8 14. b3 Ng8 15.
Rac1 f5 16. Kh1 Qf7 17. Bd3 f4 18. Bf2 g5 19. g4 Be5 20. h3 Qg7 21. Kg2 Rf6 22.
Rh1 Rh6 23. Be2 Rf8 24. Nab1 Ne8 25. Rcg1 Nef6 26. Kf1 Rg6 27. h4 gxh4 28. Rxh4
Nxg4 29. fxg4 f3 30. Bd3 Bxg4 31. Rgh1 h6 32. Nd1 Bf4 33. Ne3 Bd7 34. Rxf4 Rxf4
35. Nf5 Rxf5 36. exf5 Rg2 37. Be4 Qg4 38. Nc3 Bxf5 39. Rh4 Qxh4 40. Bxh4 Rxd2
41. Bxf5 Rb2 42. Ke1 Rh2 43. Bg3 Rg2 44. Bh4 Nf6 45. Bxf6+ exf6 46. Ne4 Re2+
47. Kf1 h5 48. Nxd6 1-0

[Event "Sparkassen-Open A"]
[Site "Heusenstamm, Martinsee"]
[Date "2018.11.25"]
[Round "7.76"]
[White "Hoffmann, Matthias"]
[Black "Rieger, Mario"]
[Result "1-0"]
[WhiteElo "2024"]
[BlackElo "1868"]
[PlyCount "49"]
[EventDate "2018.??.??"]
[WhiteTeam "SV Wiehl"]
[BlackTeam "MS Halver-SchalksmÃ¼hle"]

1. e4 c6 2. d4 d5 3. Nd2 dxe4 4. Nxe4 Nd7 5. Ng5 Ngf6 6. Bd3 h6 7. N5f3 e6 8.
Ne2 Bd6 9. Bf4 Bxf4 10. Nxf4 Nb6 11. Qd2 O-O 12. O-O-O Nbd5 13. Rhe1 a5 14. g4
g5 15. Ne2 Nb4 16. h4 Qd5 17. hxg5 Qxa2 18. c3 Qa1+ 19. Bb1 Ne4 20. Qe3 Na2+
21. Kc2 Nd6 22. Ne5 f6 23. gxf6 Rxf6 24. g5 Rg6 25. gxh6 1-0

[Event "Sparkassen-Open A"]
[Site "Heusenstamm, Martinsee"]
[Date "2018.11.25"]
[Round "7.77"]
[White "Martin, Reiner"]
[Black "Engel, Jan"]
[Result "1/2-1/2"]
[WhiteElo "2023"]
[BlackElo "1859"]
[PlyCount "52"]
[EventDate "2018.??.??"]
[WhiteTeam "SC Bad Soden"]
[BlackTeam "Frankfurter TV"]

1. d4 Nf6 2. c4 e6 3. Nc3 Bb4 4. e3 O-O 5. Nge2 d6 6. a3 Bxc3+ 7. Nxc3 b6 8.
Bd3 Bb7 9. O-O Nbd7 10. e4 h6 11. Be3 a5 12. Bc2 e5 13. d5 Qe7 14. g4 Nh7 15.
f3 Rfd8 16. Ne2 Nhf8 17. Ng3 Ng6 18. Nf5 Qf6 19. Qe1 Nf4 20. Kh1 Kh7 21. Bf2
Rh8 22. h4 g5 23. h5 Ba6 24. Qc3 Rhb8 25. Rfb1 Ne2 26. Qd3 Nf4 1/2-1/2

[Event "Sparkassen-Open A"]
[Site "Heusenstamm, Martinsee"]
[Date "2018.11.25"]
[Round "7.78"]
[White "Goetz, Jan"]
[Black "Ã–zdemir, Ali Ã–zden"]
[Result "0-1"]
[WhiteElo "1869"]
[BlackElo "1972"]
[PlyCount "78"]
[EventDate "2018.??.??"]
[WhiteTeam "SK Bad Homburg"]
[BlackTeam "SK Langen"]

1. d4 Nf6 2. c4 g6 3. f3 c5 4. e4 d6 5. Be3 cxd4 6. Bxd4 Bg7 7. Nc3 Nc6 8. Be3
O-O 9. Nge2 Bd7 10. Nf4 Ne5 11. Rc1 Bc6 12. Be2 a5 13. O-O Nfd7 14. Qd2 Nc5 15.
Rfd1 b6 16. Nfd5 Re8 17. Bh6 Bxh6 18. Qxh6 Ned7 19. Rd2 Na4 20. Rcd1 Nxc3 21.
Nxc3 Qb8 22. f4 Qb7 23. Bd3 Nc5 24. Nd5 b5 25. e5 Bxd5 26. cxd5 Rf8 27. f5 Qb6
28. f6 exf6 29. exf6 Ne4+ 30. Kh1 Nxf6 31. Bb1 Ng4 32. Qh4 f5 33. Rf1 Rae8 34.
h3 Qe3 35. Rd3 Qe2 36. Rdf3 Ne3 37. R3f2 Qc4 38. Rf4 Qxd5 39. Be4 Rxe4 0-1

[Event "Sparkassen-Open A"]
[Site "Heusenstamm, Martinsee"]
[Date "2018.11.25"]
[Round "7.79"]
[White "Schellen, Sven"]
[Black "Rettig, Helge"]
[Result "0-1"]
[WhiteElo "1865"]
[BlackElo "2007"]
[PlyCount "86"]
[EventDate "2018.??.??"]
[WhiteTeam "SF Frankfurt"]
[BlackTeam "SF Verl"]

1. d4 Nf6 2. c4 e6 3. Nf3 b6 4. g3 Bb7 5. Bg2 Be7 6. O-O O-O 7. Nc3 Ne4 8. Qc2
Nxc3 9. bxc3 f5 10. d5 Na6 11. Rd1 Qc8 12. Nd4 Nc5 13. Ba3 Re8 14. dxe6 dxe6
15. Nc6 Bd6 16. Rd2 Ne4 17. Bxe4 fxe4 18. Bxd6 cxd6 19. Nd4 Qxc4 20. Qb3 Bd5
21. Qb4 Qxb4 22. cxb4 Bc4 23. a4 a6 24. Rc1 b5 25. Nc6 d5 26. a5 e5 27. f4 exf3
28. e4 d4 29. Kf2 Rac8 30. Nxe5 Rxe5 31. Rxd4 Re6 32. Rcd1 Be2 33. R1d2 Rce8
34. Rd6 Rxd6 35. Rxd6 Rxe4 36. Rxa6 Rxb4 37. Rb6 Ra4 38. a6 Kf7 39. Rb7+ Kf6
40. a7 Bc4 41. Rd7 Ke6 42. Rxg7 Bd5 43. Rxh7 Ra2+ 0-1

[Event "Sparkassen-Open A"]
[Site "Heusenstamm, Martinsee"]
[Date "2018.11.25"]
[Round "7.80"]
[White "Thomele, Michael"]
[Black "Diehm, Alexander"]
[Result "0-1"]
[WhiteElo "1855"]
[BlackElo "1995"]
[PlyCount "90"]
[EventDate "2018.??.??"]
[WhiteTeam "SC Obernau"]
[BlackTeam "SC FK Babenhausen"]

1. e4 c5 2. Nf3 d6 3. Nc3 g6 4. d4 cxd4 5. Nxd4 Bg7 6. Be3 Nf6 7. Be2 O-O 8.
Qd2 Nbd7 9. Nb3 b6 10. O-O Bb7 11. f3 Rc8 12. Bh6 Bxh6 13. Qxh6 d5 14. exd5
Nxd5 15. Nxd5 Bxd5 16. c3 Qc7 17. Qe3 Nc5 18. Nxc5 bxc5 19. c4 Be6 20. b3 Qa5
21. Rfd1 Rfd8 22. a4 Qb6 23. Rxd8+ Rxd8 24. Qc3 Rd4 25. Rb1 Bf5 26. Rb2 Qf6 27.
Qc1 a5 28. Ra2 Bd3 29. Qe3 Qd6 30. g3 e5 31. Kg2 f5 32. Rd2 Be4 33. Rxd4 cxd4
34. Qd2 Bc6 35. Qxa5 e4 36. c5 Qe7 37. Qb6 exf3+ 38. Bxf3 Qe2+ 39. Kh3 Bxf3 40.
Qd8+ Kf7 41. Qd7+ Qe7 42. Qxd4 g5 43. Qc4+ Kf8 44. g4 fxg4+ 45. Kg3 Qe1# 0-1

[Event "Sparkassen-Open A"]
[Site "Heusenstamm, Martinsee"]
[Date "2018.11.25"]
[Round "7.82"]
[White "HÃ¤nselmann, Hendrik"]
[Black "Steudel, Max"]
[Result "0-1"]
[WhiteElo "1705"]
[BlackElo "1951"]
[PlyCount "98"]
[EventDate "2018.??.??"]
[WhiteTeam "Karlsruher SF"]
[BlackTeam "SC Brett vorm Kopp"]

1. e4 d5 2. exd5 Qxd5 3. Nc3 Qd8 4. d4 Nf6 5. Nf3 Bg4 6. h3 Bxf3 7. Qxf3 c6 8.
Be3 e6 9. O-O-O Bb4 10. Bf4 Qa5 11. Kb1 Bxc3 12. Qxc3 Qxc3 13. bxc3 Ne4 14. Rd2
Nxd2+ 15. Bxd2 Nd7 16. Bd3 O-O 17. Re1 Nf6 18. Kb2 b5 19. Re5 Nd5 20. g3 Rab8
21. a3 Nb6 22. Be3 Nc4+ 23. Bxc4 bxc4+ 24. Ka2 Rb5 25. Rxb5 cxb5 26. f4 f6 27.
Kb2 Kf7 28. Kc1 Kg6 29. g4 h5 30. Kd2 hxg4 31. hxg4 Rh8 32. Kc1 Rh2 33. Kb2 Rg2
34. g5 fxg5 35. fxg5 Kf5 36. Bc1 Rxg5 37. Bxg5 Kxg5 38. a4 bxa4 39. Ka3 Kf4 40.
Kxa4 Ke4 41. Kb4 Kd5 42. Kb5 g5 43. Ka6 g4 44. Kxa7 g3 45. Kb6 g2 46. Ka5 g1=Q
47. Kb5 Qb1+ 48. Ka6 Kc6 49. d5+ exd5 0-1

[Event "Sparkassen-Open A"]
[Site "Heusenstamm, Martinsee"]
[Date "2018.11.25"]
[Round "7.83"]
[White "Schmidt, Max"]
[Black "HÃ¶lÃŸ, Manuel"]
[Result "1-0"]
[WhiteElo "1979"]
[BlackElo "1724"]
[PlyCount "55"]
[EventDate "2018.??.??"]
[WhiteTeam "Frankfurter TV"]
[BlackTeam "SSG Hungen-Lich"]

1. e4 c5 2. Nf3 Nc6 3. Bb5 a6 4. Bxc6 bxc6 5. d3 Qc7 6. b3 e5 7. O-O Be7 8.
Nbd2 Nf6 9. Nc4 d6 10. h3 O-O 11. Nh2 d5 12. Nd2 Ne8 13. c4 f5 14. f3 Nf6 15.
Re1 Nh5 16. Ndf1 Bh4 17. Re2 Qf7 18. exf5 Qxf5 19. Ng4 Re8 20. Kh2 Qg6 21. g3
Nxg3 22. Nxg3 h5 23. Nxh5 Qxh5 24. Qg1 Bf5 25. Rg2 Bxd3 26. Nh6+ Kh8 27. Rxg7
Be4 28. Nf7+ 1-0

[Event "Sparkassen-Open A"]
[Site "Heusenstamm, Martinsee"]
[Date "2018.11.25"]
[Round "7.84"]
[White "Bernhart, Joseph"]
[Black "Stuhlmann, Florian"]
[Result "0-1"]
[WhiteElo "1952"]
[BlackElo "1774"]
[PlyCount "88"]
[EventDate "2018.??.??"]
[WhiteTeam "SG Kaiserslautern"]
[BlackTeam "SC Lindenholzhausen"]

1. d4 Nf6 2. Bf4 d5 3. e3 c5 4. c3 Nc6 5. Nf3 Qb6 6. Qb3 c4 7. Qc2 Bf5 8. Qc1
e6 9. Nbd2 Be7 10. h3 h6 11. Be2 Rc8 12. O-O O-O 13. g4 Bh7 14. Kh1 Ne4 15.
Nxe4 Bxe4 16. Kh2 Qd8 17. Nd2 Bh7 18. Rg1 f6 19. e4 Bd6 20. Bg3 b5 21. Bf3 dxe4
22. Nxe4 Bxg3+ 23. Nxg3 Qc7 24. Re1 e5 25. d5 Ne7 26. Qd2 Rcd8 27. a4 a6 28.
axb5 axb5 29. Qe3 Nxd5 30. Bxd5+ Rxd5 31. Ra7 Qd6 32. Nh5 e4+ 33. Kg2 Rg5 34.
Qe2 f5 35. Rd1 Qe5 36. Rdd7 fxg4 37. Rxg7+ Rxg7 38. Rxg7+ Kh8 39. Qxg4 Bf5 40.
Qh4 e3 41. Re7 Be4+ 42. f3 Bxf3+ 43. Kg1 Rg8+ 44. Ng7 Rxg7+ 0-1

[Event "Sparkassen-Open A"]
[Site "Heusenstamm, Martinsee"]
[Date "2018.11.25"]
[Round "7.85"]
[White "Eurich, Jannik"]
[Black "Skarke, Harald"]
[Result "0-1"]
[WhiteElo "1642"]
[BlackElo "1958"]
[PlyCount "106"]
[EventDate "2018.??.??"]
[WhiteTeam "SK Langen"]
[BlackTeam "SF Neuberg"]

1. e4 c5 2. Nf3 e6 3. d4 cxd4 4. Nxd4 a6 5. c4 Qc7 6. a3 Nf6 7. Nc3 b6 8. Be3
Bb7 9. f3 d6 10. Be2 Nbd7 11. O-O Be7 12. Rc1 Rc8 13. b4 O-O 14. Qc2 Qb8 15.
Rfd1 Rfe8 16. Nb3 Bf8 17. Na4 b5 18. Nb2 bxc4 19. Na5 Ba8 20. Bf4 Qa7+ 21. Kh1
d5 22. exd5 exd5 23. Bf1 h6 24. Qf5 g6 25. Qh3 Kh7 26. Na4 Rcd8 27. Nc3 Qb6 28.
Qg3 Nh5 29. Qh4 Be7 30. Qg4 Ndf6 31. Qh4 Ne4 32. Qe1 Nxc3 33. Be3 d4 34. Qxc3
dxe3 35. Qxc4 Kg7 36. Qxa6 Qxa6 37. Bxa6 Nf4 38. Bb5 Rxd1+ 39. Rxd1 Rd8 40.
Rxd8 Bxd8 41. Kg1 Bf6 42. Kf1 Bd5 43. g3 e2+ 44. Bxe2 Nxe2 45. Kxe2 Bb2 46. Kd3
Bxa3 47. b5 Bxf3 48. b6 Bd6 49. Kc4 h5 50. Kb5 h4 51. gxh4 Bxh2 52. b7 Bc7 53.
Nb3 Bxb7 0-1

[Event "Sparkassen-Open A"]
[Site "Heusenstamm, Martinsee"]
[Date "2018.11.25"]
[Round "7.86"]
[White "Heppert, Lars"]
[Black "Hegel, Christoph"]
[Result "1/2-1/2"]
[WhiteElo "1940"]
[BlackElo "1803"]
[PlyCount "81"]
[EventDate "2018.??.??"]
[WhiteTeam "SK Neuburg"]
[BlackTeam "SC Peiting"]

1. c4 e5 2. g3 Nc6 3. Bg2 f5 4. Nc3 Nf6 5. e3 Bb4 6. Nd5 O-O 7. Ne2 e4 8. O-O
Nxd5 9. cxd5 Ne5 10. d4 exd3 11. Nf4 d2 12. Bxd2 Bxd2 13. Qxd2 Qf6 14. Rac1 c6
15. Rfd1 b6 16. dxc6 dxc6 17. b4 Ba6 18. Qd6 Bb5 19. Qxf6 Rxf6 20. Nd5 Rf7 21.
Nc3 Bc4 22. b5 Rc8 23. bxc6 Nxc6 24. Bd5 Bxd5 25. Nxd5 Kf8 26. Nb4 Rfc7 27. Na6
Rf7 28. Rd6 Rf6 29. Rd2 Re8 30. Nc7 Re5 31. Rd7 Ne7 32. Na6 Nc6 33. Rc7 Ra5 34.
Nb8 Nxb8 35. Rc8+ Kf7 36. R1c7+ Kg6 37. Rxb8 Rf7 38. Rc6+ Kh5 39. Rd8 g6 40.
Rd4 Kh6 41. a4 1/2-1/2

[Event "Sparkassen-Open A"]
[Site "Heusenstamm, Martinsee"]
[Date "2018.11.25"]
[Round "7.87"]
[White "Rosenberger, Frank"]
[Black "Cortes Arias, Mariela"]
[Result "1-0"]
[WhiteElo "2008"]
[BlackElo "1831"]
[PlyCount "51"]
[EventDate "2018.??.??"]
[WhiteTeam "SK Gernsheim"]
[BlackTeam "AJEZA"]

1. e4 c5 2. Nf3 Nc6 3. d4 cxd4 4. Nxd4 g6 5. Nc3 Bg7 6. Be3 Nf6 7. Bc4 Qa5 8.
O-O O-O 9. Bb3 d6 10. h3 a6 11. f4 Bd7 12. Qd3 Nxd4 13. Bxd4 Bc6 14. Qe3 Nd7
15. Bxg7 Kxg7 16. Kh1 Nc5 17. Qd4+ Kg8 18. Bd5 Ne6 19. Qe3 Qc5 20. Qg3 Nd4 21.
f5 Rfe8 22. fxg6 Bxd5 23. gxf7+ Kh8 24. fxe8=Q+ Rxe8 25. exd5 Nxc2 26. Rf7 1-0

[Event "Sparkassen-Open A"]
[Site "Heusenstamm, Martinsee"]
[Date "2018.11.25"]
[Round "7.88"]
[White "Reinhard, Ralf-Peter"]
[Black "Ohler, Julius"]
[Result "1/2-1/2"]
[WhiteElo "1943"]
[BlackElo "1826"]
[PlyCount "68"]
[EventDate "2018.??.??"]
[WhiteTeam "vereinslos"]
[BlackTeam "SG Trier"]

1. Nf3 d5 2. b3 c5 3. Bb2 Nc6 4. e3 Nf6 5. d4 Bf5 6. a3 e6 7. Be2 Be7 8. O-O
O-O 9. Nbd2 Qc7 10. c4 Rfe8 11. Rc1 cxd4 12. Nxd4 Nxd4 13. exd4 Qd7 14. c5 Qc7
15. b4 Nd7 16. Nf3 Rad8 17. Bb5 a6 18. Ba4 Bf6 19. Re1 Bg4 20. Qb3 Bxf3 21.
Qxf3 b5 22. Bc2 Nb8 23. Bc3 Nc6 24. a4 Bxd4 25. axb5 axb5 26. Bd2 Bf6 27. Qd3
g6 28. Qxb5 Rb8 29. Qa4 Ra8 30. Qb3 Reb8 31. Rb1 Nd4 32. Qd3 Nb5 33. Rb3 Nd4
34. Rbb1 Nb5 1/2-1/2

[Event "Sparkassen-Open A"]
[Site "Heusenstamm, Martinsee"]
[Date "2018.11.25"]
[Round "7.89"]
[White "Pham, Phuong-Bao"]
[Black "Stock, JÃ¼rgen"]
[Result "0-1"]
[WhiteElo "1812"]
[BlackElo "1941"]
[PlyCount "44"]
[EventDate "2018.??.??"]
[WhiteTeam "Frankfurter TV"]
[BlackTeam "Sfr. Kelkheim"]

1. c4 f5 2. g3 Nf6 3. Bg2 e6 4. Nf3 c6 5. O-O d5 6. d3 Be7 7. b3 O-O 8. Bb2
Nbd7 9. Nbd2 Qb6 10. e4 fxe4 11. dxe4 Nxe4 12. Nxe4 dxe4 13. Nd4 Nf6 14. Qe2 e5
15. Nc2 Bg4 16. Qe1 Bd6 17. a3 Qxb3 18. Qc3 Qxc3 19. Bxc3 Be2 20. Rfe1 Bxc4 21.
Bxe4 Nxe4 22. Rxe4 Bd3 0-1

[Event "Sparkassen-Open A"]
[Site "Heusenstamm, Martinsee"]
[Date "2018.11.25"]
[Round "7.90"]
[White "Merges, Harald"]
[Black "Kemper, Yannick"]
[Result "1/2-1/2"]
[WhiteElo "1790"]
[BlackElo "1890"]
[PlyCount "64"]
[EventDate "2018.??.??"]
[WhiteTeam "SG Reil-Kinheim"]
[BlackTeam "SK Ludwigshafen"]

1. e4 c5 2. Nc3 a6 3. d4 cxd4 4. Qxd4 Nc6 5. Qd2 d6 6. b3 Nf6 7. Nge2 e5 8. Bb2
Be7 9. Ng3 O-O 10. Be2 Be6 11. Rd1 Nd4 12. O-O Rc8 13. Bd3 b5 14. a4 bxa4 15.
Nxa4 Nb5 16. Qe2 Qc7 17. c4 Na7 18. Nc3 Rb8 19. Nd5 Bxd5 20. cxd5 Rxb3 21. Bc4
Rb6 22. Bxa6 Rfb8 23. Rc1 Qd8 24. Bc3 Rb3 25. Bc4 R3b7 26. Ba6 Rb3 27. Bc4 Ra3
28. Bb2 Ra5 29. Ra1 Rxa1 30. Rxa1 Qb6 31. Bd3 g6 32. Bc3 Nb5 1/2-1/2

[Event "Sparkassen-Open A"]
[Site "Heusenstamm, Martinsee"]
[Date "2018.11.25"]
[Round "7.91"]
[White "Chassard, Cedric"]
[Black "Mehlen, Theodor"]
[Result "0-1"]
[WhiteElo "1758"]
[BlackElo "1919"]
[PlyCount "50"]
[EventDate "2018.??.??"]
[WhiteTeam "SV Riegelsberg"]
[BlackTeam "SC Matt im Park"]

1. e4 e6 2. d4 d5 3. exd5 exd5 4. Bd3 Nc6 5. c3 Bd6 6. Qf3 Nge7 7. Ne2 O-O 8.
O-O Ng6 9. Nf4 Nce7 10. Nxg6 fxg6 11. Qd1 c6 12. Bg5 Qc7 13. Bxe7 Qxe7 14. Re1
Bxh2+ 15. Kxh2 Qh4+ 16. Kg1 Qxf2+ 17. Kh1 Rf4 18. Re8+ Kf7 19. Bxg6+ hxg6 20.
Rh8 Bg4 21. Rxa8 Bxd1 22. Rh8 Bh5 23. Rxh5 gxh5 24. g3 Qxg3 25. Nd2 Rh4# 0-1

[Event "Sparkassen-Open A"]
[Site "Heusenstamm, Martinsee"]
[Date "2018.11.25"]
[Round "7.92"]
[White "Reinecke, Katharina"]
[Black "Steinke, Hans-JÃ¶rg"]
[Result "1-0"]
[WhiteElo "1917"]
[BlackElo "1791"]
[PlyCount "95"]
[EventDate "2018.??.??"]
[WhiteTeam "SK Langen"]
[BlackTeam "SV Datteln"]

1. d4 d5 2. c4 e6 3. Nf3 Nf6 4. g3 Bb4+ 5. Bd2 Be7 6. Bg2 O-O 7. O-O dxc4 8.
Qa4 Nbd7 9. Qxc4 Nb6 10. Qc2 Bd7 11. Ne5 c6 12. Nc3 Nbd5 13. a3 Nxc3 14. bxc3
Bc8 15. Rfd1 Qc7 16. Bf4 Bd6 17. Nd3 Bxf4 18. gxf4 Nh5 19. e3 g6 20. c4 Nf6 21.
c5 Rd8 22. a4 Ne8 23. a5 f6 24. Rdb1 Qd7 25. Qa4 Nc7 26. Qc4 Nd5 27. Kf1 Kf7
28. Ke2 Qc7 29. Bf3 Rg8 30. h4 h5 31. Rg1 Rg7 32. Rg3 Bd7 33. Qc2 Rag8 34. Rgg1
Bc8 35. Rgb1 Rd8 36. Rc1 Ne7 37. Qa2 Nf5 38. Rh1 Ne7 39. a6 bxa6 40. Nb4 Nd5
41. Nxa6 Bxa6+ 42. Qxa6 Rd7 43. Ra3 Rg8 44. Rb3 Re8 45. Rhb1 Ree7 46. Kf1 Kg7
47. Rb8 f5 48. Rc8 1-0

[Event "Sparkassen-Open A"]
[Site "Heusenstamm, Martinsee"]
[Date "2018.11.25"]
[Round "7.93"]
[White "Thomas, Tobias"]
[Black "Rabiya, Karim"]
[Result "1-0"]
[WhiteElo "1913"]
[BlackElo "1754"]
[PlyCount "83"]
[EventDate "2018.??.??"]
[WhiteTeam "SK Langen"]
[BlackTeam "SK Niederbrechen"]

1. c4 Nf6 2. g3 c5 3. Bg2 g6 4. Nc3 Bg7 5. Nf3 Nc6 6. O-O O-O 7. d3 d6 8. a3 a6
9. Rb1 Nd4 10. b4 Rb8 11. Bd2 Bg4 12. Nxd4 cxd4 13. Na2 b5 14. cxb5 axb5 15.
Nc1 Be6 16. e4 d5 17. Nb3 dxe4 18. dxe4 Bc4 19. Re1 e5 20. Na5 Qb6 21. Bf1 Rfc8
22. Rc1 Qe6 23. Bg2 Nd7 24. h4 Bf8 25. Kh2 f5 26. Bh3 Bd6 27. exf5 gxf5 28. Qh5
Rf8 29. Nc6 Qg6 30. Qxg6+ hxg6 31. Nxb8 Bxb8 32. a4 e4 33. Bf1 Ne5 34. Kg2 d3
35. axb5 Ba7 36. Red1 Bb3 37. Bf4 Nc4 38. Bxd3 exd3 39. Rxd3 Ba4 40. Ra1 Bxb5
41. Rxa7 Ne3+ 42. Rxe3 1-0

[Event "Sparkassen-Open A"]
[Site "Heusenstamm, Martinsee"]
[Date "2018.11.25"]
[Round "7.94"]
[White "Senatov, Boris"]
[Black "Feicht, Arno"]
[Result "1-0"]
[WhiteElo "1735"]
[BlackElo "1907"]
[PlyCount "113"]
[EventDate "2018.??.??"]
[WhiteTeam "SC Heusenstamm"]
[BlackTeam "SV Alsfeld"]

1. e4 c5 2. Nf3 Nc6 3. d4 cxd4 4. Nxd4 e5 5. Nb5 d6 6. N1c3 a6 7. Na3 Be7 8.
Be3 Nf6 9. Nc4 O-O 10. Bb6 Qd7 11. Qd2 Bd8 12. O-O-O Rb8 13. Be3 b5 14. Nxd6
Ba5 15. Qd3 Qe6 16. Nxc8 Bxc3 17. Qxc3 Rfxc8 18. Qb3 Qxb3 19. axb3 Ng4 20. Bc5
Na5 21. Be2 Nxb3+ 22. Kb1 Rxc5 23. Bxg4 Nd4 24. c3 Nc6 25. Rd6 b4 26. cxb4 Nxb4
27. Rhd1 g6 28. Rd8+ Rxd8 29. Rxd8+ Kg7 30. Rd2 Nc6 31. Be2 a5 32. Rc2 Rxc2 33.
Kxc2 Nd4+ 34. Kd2 f5 35. Bd3 Kf6 36. Kc3 Ke6 37. Kc4 Kd6 38. f4 Ne6 39. exf5
Nxf4 40. fxg6 hxg6 41. Be4 g5 42. Kb5 Ne6 43. Kxa5 Nc5 44. Bc2 e4 45. b4 Nb7+
46. Kb6 e3 47. Bd3 Nd8 48. b5 Ne6 49. Ka7 Nd4 50. b6 Nb5+ 51. Ka6 Nd4 52. b7
Kc7 53. Ka7 Nc6+ 54. Ka8 Nb8 55. Be2 Nd7 56. Bb5 Nb8 57. g3 1-0

[Event "Sparkassen-Open A"]
[Site "Heusenstamm, Martinsee"]
[Date "2018.11.25"]
[Round "7.96"]
[White "Haller, Luis"]
[Black "Lehmann, Nils"]
[Result "1-0"]
[WhiteElo "1890"]
[BlackElo "1665"]
[PlyCount "33"]
[EventDate "2018.??.??"]
[WhiteTeam "SF Konz-Karthaus"]
[BlackTeam "SV Lahn Limburg"]

1. d4 d5 2. c4 e6 3. Nf3 Nf6 4. g3 Be7 5. Bg2 O-O 6. O-O Nbd7 7. Nbd2 c5 8.
cxd5 Nxd5 9. e4 N5f6 10. Re1 cxd4 11. Nxd4 e5 12. Nf5 Bc5 13. Nb3 Bb6 14. Be3
Bxe3 15. Rxe3 Qb6 16. Rc1 Nb8 17. Rxc8 1-0

[Event "Sparkassen-Open A"]
[Site "Heusenstamm, Martinsee"]
[Date "2018.11.25"]
[Round "7.97"]
[White "MÃ¼dder, Melanie"]
[Black "Pade, Joachim"]
[Result "1-0"]
[WhiteElo "1855"]
[BlackElo "1630"]
[PlyCount "63"]
[EventDate "2018.??.??"]
[WhiteTeam "SG Solingen"]
[BlackTeam "SV Alsfeld"]

1. e4 c6 2. Nf3 d5 3. exd5 cxd5 4. Ne5 Nf6 5. d4 g6 6. Bb5+ Bd7 7. Nxd7 Nbxd7
8. O-O Bg7 9. Nd2 O-O 10. c3 a6 11. Bd3 Rc8 12. f4 Qb6 13. Kh1 e6 14. Qe1 Ne8
15. Nf3 Nd6 16. Ne5 Nxe5 17. fxe5 Nc4 18. b3 Na5 19. Ba3 Rfd8 20. Be7 Rd7 21.
Bh4 Nc6 22. Qd2 Nxe5 23. dxe5 Bxe5 24. Bf6 Bd6 25. Rf3 Bf8 26. Rh3 Qd6 27. Qg5
Bg7 28. Bxg7 Kxg7 29. Qh6+ Kf6 30. Qh4+ Kg7 31. Qxh7+ Kf6 32. Rf1+ 1-0

[Event "Sparkassen-Open A"]
[Site "Heusenstamm, Martinsee"]
[Date "2018.11.25"]
[Round "7.98"]
[White "Stork, Christopher"]
[Black "Altenbernd, Dirk"]
[Result "1/2-1/2"]
[WhiteElo "1721"]
[BlackElo "1842"]
[PlyCount "78"]
[EventDate "2018.??.??"]
[WhiteTeam "SV Oberursel"]
[BlackTeam "SK TÃ¶nsberg Oerlinghausen"]

1. e4 g6 2. Nf3 Bg7 3. Bc4 c6 4. d4 d5 5. exd5 cxd5 6. Be2 Bg4 7. O-O Nc6 8. c3
Nf6 9. Nbd2 O-O 10. Re1 e6 11. h3 Bxf3 12. Nxf3 Qc7 13. Bg5 a6 14. Bh4 Na5 15.
Bd3 b5 16. Bg3 Qb6 17. Qe2 Rfc8 18. Ne5 Nc4 19. Bxc4 bxc4 20. Qf3 Ra7 21. Rab1
Qa5 22. a3 Rb7 23. Ng4 Nxg4 24. Qxg4 Qd8 25. Qf4 Bf6 26. Qd6 Qxd6 27. Bxd6 a5
28. Re2 Bg7 29. Rd1 Rc6 30. Bf4 Rcb6 31. Rdd2 f6 32. Bg3 Bh6 33. Rc2 Kf7 34. f3
Re7 35. Kf2 Reb7 36. h4 Rb3 37. f4 Bf8 38. Bh2 R3b6 39. Kf3 Bd6 1/2-1/2

[Event "Sparkassen-Open A"]
[Site "Heusenstamm, Martinsee"]
[Date "2018.11.25"]
[Round "7.99"]
[White "Renk, Jonas"]
[Black "Bittner, Peter"]
[Result "1-0"]
[WhiteElo "1607"]
[BlackElo "1869"]
[PlyCount "83"]
[EventDate "2018.??.??"]
[WhiteTeam "SK Langen"]
[BlackTeam "SC Nied"]

1. e4 e5 2. Nf3 Nc6 3. d4 exd4 4. Nxd4 d6 5. Nc3 Bd7 6. Be3 Nf6 7. f3 Be7 8.
Qd2 a6 9. O-O-O b5 10. g4 b4 11. Nd5 Nxd5 12. exd5 Ne5 13. Be2 Qb8 14. f4 Ng6
15. Kb1 Bf6 16. h4 Qb7 17. g5 Be7 18. h5 Nf8 19. Bf3 a5 20. Nc6 Bxc6 21. dxc6
Qb5 22. Be4 O-O-O 23. Qd4 Ne6 24. Qa7 Rdf8 25. Qa8+ Qb8 26. Qa6+ Kd8 27. Rd5
Qc8 28. Qb7 Qxb7 29. cxb7 Kd7 30. Rxa5 Nc5 31. Bxc5 dxc5 32. Rd1+ Ke6 33. Rd5
Bd6 34. f5+ Ke7 35. a3 bxa3 36. bxa3 Rb8 37. Rd3 g6 38. f6+ Ke6 39. h6 Ke5 40.
Bc6 Kf4 41. Rd5 Rhd8 42. Ra8 1-0

[Event "Sparkassen-Open A"]
[Site "Heusenstamm, Martinsee"]
[Date "2018.11.25"]
[Round "7.100"]
[White "Hochmuth, Christian"]
[Black "Nickel, Jonas"]
[Result "1/2-1/2"]
[WhiteElo "1907"]
[BlackElo "1788"]
[PlyCount "40"]
[EventDate "2018.??.??"]
[WhiteTeam "SG WÃ¤chtersbach"]
[BlackTeam "SG WÃ¤chtersbach"]

1. d4 d5 2. c4 c6 3. cxd5 cxd5 4. Nc3 Nf6 5. Nf3 Nc6 6. Bf4 Bf5 7. Qb3 Na5 8.
Qa4+ Bd7 9. Qc2 Rc8 10. Nd2 g6 11. e3 Bg7 12. Bd3 O-O 13. h3 Qe8 14. Be5 Nc6
15. f4 Nb4 16. Qb1 Nxd3+ 17. Qxd3 Bf5 18. Qe2 Qd7 19. Bxf6 Bxf6 20. O-O h5
1/2-1/2

[Event "Sparkassen-Open A"]
[Site "Heusenstamm, Martinsee"]
[Date "2018.11.25"]
[Round "7.101"]
[White "Diehl, Stefan"]
[Black "Midanka, Vladimir Josef"]
[Result "1/2-1/2"]
[WhiteElo "1859"]
[BlackElo "1771"]
[PlyCount "54"]
[EventDate "2018.??.??"]
[WhiteTeam "SC HÃ¶chst"]
[BlackTeam "SC Brett vorm Kopp"]

1. f4 d5 2. Nf3 Nf6 3. e3 a6 4. Be2 Nc6 5. b3 e6 6. Bb2 Be7 7. O-O b5 8. Qe1
Nb4 9. Bd1 c5 10. d3 Nc6 11. Nbd2 Rg8 12. Qh4 h6 13. Ne5 Nxe5 14. Bxe5 Ne4 15.
Qe1 Nxd2 16. Qxd2 f6 17. Bb2 Bb7 18. Bf3 Qc7 19. a4 b4 20. Qe2 O-O-O 21. c3 a5
22. cxb4 axb4 23. Rac1 Qa5 24. e4 d4 25. Bg4 Qa6 26. Qe1 Kb8 27. Qg3 Ka7
1/2-1/2

[Event "Sparkassen-Open A"]
[Site "Heusenstamm, Martinsee"]
[Date "2018.11.25"]
[Round "7.103"]
[White "Reinhold, GÃ¼nther"]
[Black "Niedenthal, Robert"]
[Result "1/2-1/2"]
[WhiteElo "1833"]
[BlackElo "1700"]
[PlyCount "37"]
[EventDate "2018.??.??"]
[WhiteTeam "Frankfurter TV"]
[BlackTeam "SV Hofheim"]

1. e4 d5 2. exd5 Nf6 3. d4 Bg4 4. Be2 Bxe2 5. Qxe2 Qxd5 6. Nf3 e6 7. O-O Nc6 8.
Rd1 O-O-O 9. Nc3 Qh5 10. Bf4 Rg8 11. Bg3 Bd6 12. Ne5 Bxe5 13. dxe5 Qxe2 14.
Nxe2 Nh5 15. f4 Nxg3 16. hxg3 h6 17. Kf2 g5 18. a3 gxf4 19. gxf4 1/2-1/2

[Event "Sparkassen-Open A"]
[Site "Heusenstamm, Martinsee"]
[Date "2018.11.25"]
[Round "7.102"]
[White "Lanz, Udo"]
[Black "Schmitt, Clemens"]
[Result "0-1"]
[WhiteElo "1837"]
[BlackElo "1746"]
[PlyCount "90"]
[EventDate "2018.??.??"]
[WhiteTeam "VSG Offenbach"]
[BlackTeam "SV Bergwinkel"]

1. f4 c5 2. e4 Nc6 3. Nf3 e6 4. c4 g6 5. Nc3 Bg7 6. d3 d6 7. g4 f5 8. g5 Nge7
9. Bg2 a6 10. Bd2 Rb8 11. O-O O-O 12. Qe2 b5 13. Rab1 Qc7 14. b3 Bb7 15. cxb5
Nd4 16. Nxd4 cxd4 17. b6 Qxb6 18. Na4 Qc6 19. Rbc1 Qd7 20. Nb6 Qd8 21. Nc4 fxe4
22. dxe4 d5 23. Ba5 d3 24. Qd2 Bd4+ 25. Kh1 Qd7 26. Nb6 Qb5 27. Rc7 dxe4 28. a4
Qxb3 29. Bc3 Bxb6 30. Rxe7 Rf7 31. Rxf7 Kxf7 32. Be5 e3 33. Qe1 Bxg2+ 34. Kxg2
Qd5+ 35. Kh3 Rd8 36. Qh4 e2 37. Qxh7+ Ke8 38. Qxg6+ Kf8 39. Qg7+ Ke8 40. Qg8+
Ke7 41. Bf6+ Kd7 42. Qf7+ Kc8 43. Rc1+ Kb8 44. Rb1 Qf3+ 45. Kh4 e1=Q+ 0-1